Największe Państwa Europy - Statystyki

Ogólne statystyki
  • Ten quiz został rozwiązany 38 razy
  • Średni wynik to 13 z 15
Statystyki odpowiedzi
Powierzchnia Państwo % Poprawnych
547 000 km² Francja
97%
505 900 km² Hiszpania
97%
312 700 km² Polska
97%
17 075 000 km² Rosja
97%
357 000 km² Niemcy
94%
450 000km² Szwecja
94%
603 700 km² Ukraina
94%
244 800 km² Wielka Brytania
94%
385 000 km² Norwegia
91%
338 500 km² Finlandia
84%
301 300 km Włochy
84%
207 560 km² Białoruś
81%
238 400 km² Rumunia
78%
783 000 km² Turcja
69%
132 000 km² Grecja
66%
Nie znaleziono quizów pasujących do podanych kryteriów
Rozkład punktacji
Procent ludzi z każdym wynikiem
Percentyl według liczby udzielonych odpowiedzi
Twoja historia wyników
Nie rozwiązałeś tego quizu